000 01104naa a22002417a 4500
003 BPK
005 20160401123810.0
008 160311b1984 pl ||||| |||| 10| 0 pol
040 _cBPK
080 _a676.1
080 _a621.315.6
100 _aRESZKA, Janina.
_d1971 - 1996.
_bWyższa Szkoła Inżynierska w Koszalinie - Wydział Mechaniczny,
_cZakład Materiałoznawstwa i Obróbki Cieplnej
245 _aBadania laboratoryjne procesu degradacji celulozowych materiałów izolacyjnych /
_cJanina Reszka, Wiesław Skubała.
260 _c1984.
500 _aDane z kartoteki bpp.
650 _aCeluloza.
650 0 _aIzolacje.
655 0 _aMateriały konferencyjne.
700 _aSKUBAŁA, Wiesław.
_d1980 - 1995.
_bWyższa Szkoła Inżynierska w Koszalinie - Wydział Mechaniczny,
_cZakład Elektrotechniki i Elektrochemii
711 _aInternational Conference on Insulation Problems in Power
_d(1984 ;
_cŁódź, Polska).
773 _iW :
_tInternational Conference on Insulation Problems in Power. Part II. -
_dŁódź, 1984. -
_gs. 225-234
942 _cART
_2UKD
999 _c7589
_d7589